000 00534nam a2200181Ia 4500
999 _c37003
_d37003
003 OSt
005 20201209105620.0
008 190216s9999||||xx |||||||||||||| ||und||
020 _a9780070636231
040 _coclc
082 _a158
_bSUL/T
100 _aSullivan, Dan
_97321
245 4 _aThe Laws Of Lifetime Growth /
_cDan Sullivan ; Catherine Nomura
260 _bTata Mcgrawhill Publishers,
_aNew Delhi:
_c2006.
300 _a127p
650 _aReferences
942 _cREF
_2ddc
_h158
_iSUL/T
_k158
_mSUL/T